| 000 | 00706nam a2200205Ia 4500 | ||
|---|---|---|---|
| 001 | 17703 | ||
| 003 | GE_BSU | ||
| 008 | 181216s||||||||xx |||||||||||||| ||und|| | ||
| 040 | _cGE_BSU | ||
| 080 | _a621.002(035) | ||
| 245 | _aСправочник технолога-машиностроителя. В 2-х томах. Том 2. | ||
| 245 | _cПод ред. А.Г.Косиповой и Р.К.Мешерякова. | ||
| 250 | _a4-е изд., перераб. и допол. | ||
| 260 | _aМ. | ||
| 260 | _bМашиностроение. | ||
| 260 | _c1985. | ||
| 300 | _a496 стр. с илл. 24 см. | ||
| 653 | _aСправочник технолога-машиностроителя. | ||
| 942 | _cBK | ||
| 999 |
_c50751 _d50751 |
||